00521nam a2200181 a 45000010010000000030011000100080041000210350026000620820014000881000022001022450023001242600047001476500008001949420012002029520090002149980020003049990015003240000-8756ELIB.Books110520 1980  a(ELIB.Books)0000-8902 a231 bHen aHendry, George S. aTheology of Nature bPhiladelphia: The Westminster Press c1980 aGod 2ddccBK 00102ddc4070aKBTSbKBTSd2011-05-20l0p1649r2022-01-22 00:00:00w2022-01-22yBK cbate2011-05-20 c8756d8756